Thermodynamics (Record no. 8344)

000 -LEADER
fixed length control field 00603nam a2200217 i 4500
001 - CONTROL NUMBER
control field 8344
003 - CONTROL NUMBER IDENTIFIER
control field BD-DhUET
008 - FIXED-LENGTH DATA ELEMENTS--GENERAL INFORMATION
fixed length control field 770308s1978 nyua b 001 0 eng
020 ## - INTERNATIONAL STANDARD BOOK NUMBER
International Standard Book Number 0023355301
040 ## - CATALOGING SOURCE
Original cataloging agency DLC
Transcribing agency DLC
Modifying agency BD-DhUET
082 ## - DEWEY DECIMAL CLASSIFICATION NUMBER
Classification number 621.01
Item number FAI/1970
100 ## - MAIN ENTRY--PERSONAL NAME
Personal name Faires, Virgil Moring
245 10 - TITLE STATEMENT
Title Thermodynamics
Statement of responsibility, etc. by Virgil Moring Faires and Clifford Max Simmang
250 ## - EDITION STATEMENT
Edition statement 6th ed.
260 ## - PUBLICATION, DISTRIBUTION, ETC. (IMPRINT)
Place of publication, distribution, etc. New York
Name of publisher, distributor, etc. Macmillan
Date of publication, distribution, etc. 1970
300 ## - PHYSICAL DESCRIPTION
Extent xxiii, 647 p.
Other physical details ill.
Dimensions 26 cm.
504 ## - BIBLIOGRAPHY, ETC. NOTE
Bibliography, etc Includes bibliographies
650 #0 - SUBJECT ADDED ENTRY--TOPICAL TERM
Topical term or geographic name as entry element Thermodynamics
700 ## - ADDED ENTRY--PERSONAL NAME
Personal name Simmang, Clifford Max
942 ## - ADDED ENTRY ELEMENTS (KOHA)
Koha item type General Book
Holdings
Lost status Koha date last seen Koha normalized classification for sorting Date acquired Source of classification or shelving scheme Shelving location Not for loan Koha full call number Withdrawn status Sublocation or collection (holding branch) Price effective from Piece designation (barcode) Copy number Koha item type Damaged status Location (home branch)
 2015-01-20621_010000000000000_FAI_19782015-01-20 Circulation section 621.01/FAI/1978 Central Library, BUET2015-01-20429431General Book Central Library, BUET
 2024-12-11621_010000000000000_FAI_19701985-06-11 Rental section 621.01 FAI/1970 Central Library, BUET2024-12-1163135৬/ক-১Rental Item Central Library, BUET
 2024-12-11621_010000000000000_FAI_19701985-06-11 Rental section 621.01 FAI/1970 Central Library, BUET2024-12-1163136৬/ক-২Rental Item Central Library, BUET
 2024-12-11621_010000000000000_FAI_19701985-06-11 Rental section 621.01 FAI/1970 Central Library, BUET2024-12-1163137৬/ক-৩Rental Item Central Library, BUET
 2024-12-11621_010000000000000_FAI_19701985-06-11 Rental section 621.01 FAI/1970 Central Library, BUET2024-12-1163138৬/ক-৪Rental Item Central Library, BUET
 2024-12-11621_010000000000000_FAI_19701985-06-11 Rental section 621.01 FAI/1970 Central Library, BUET2024-12-1163139৬/ক-৫Rental Item Central Library, BUET
 2024-12-11621_010000000000000_FAI_19701985-06-11 Rental section 621.01 FAI/1970 Central Library, BUET2024-12-1163140৬/ক-৬Rental Item Central Library, BUET
 2024-12-11621_010000000000000_FAI_19701985-06-11 Rental section 621.01 FAI/1970 Central Library, BUET2024-12-1163141৬/ক-৭Rental Item Central Library, BUET
 2024-12-11621_010000000000000_FAI_19701985-06-11 Rental section 621.01 FAI/1970 Central Library, BUET2024-12-1163142৬/ক-৮Rental Item Central Library, BUET
 2024-12-11621_010000000000000_FAI_19701985-06-11 Rental section 621.01 FAI/1970 Central Library, BUET2024-12-1163143৬/ক-৯Rental Item Central Library, BUET
 2024-12-11621_010000000000000_FAI_19701985-06-11 Rental section 621.01 FAI/1970 Central Library, BUET2024-12-1163144৬/ক-১০Rental Item Central Library, BUET
 2024-12-11621_010000000000000_FAI_19701985-06-11 Rental section 621.01 FAI/1970 Central Library, BUET2024-12-1163145৬/ক-১১Rental Item Central Library, BUET
 2024-12-11621_010000000000000_FAI_19701985-06-11 Rental section 621.01 FAI/1970 Central Library, BUET2024-12-1163146৬/ক-১২Rental Item Central Library, BUET
 2024-12-11621_010000000000000_FAI_19701985-06-11 Rental section 621.01 FAI/1970 Central Library, BUET2024-12-1163147৬/ক-১৩Rental Item Central Library, BUET
 2024-12-11621_010000000000000_FAI_19701985-06-11 Rental section 621.01 FAI/1970 Central Library, BUET2024-12-1163148৬/ক-১৪Rental Item Central Library, BUET
 2024-12-11621_010000000000000_FAI_19701985-06-11 Rental section 621.01 FAI/1970 Central Library, BUET2024-12-1163149৬/ক-১৫Rental Item Central Library, BUET
 2024-12-11621_010000000000000_FAI_19701985-06-11 Rental section 621.01 FAI/1970 Central Library, BUET2024-12-1163150৬/ক-১৬Rental Item Central Library, BUET
 2024-12-11621_010000000000000_FAI_19701985-06-11 Rental section 621.01 FAI/1970 Central Library, BUET2024-12-1163151৬/ক-১৭Rental Item Central Library, BUET
 2024-12-11621_010000000000000_FAI_19701985-06-11 Rental section 621.01 FAI/1970 Central Library, BUET2024-12-1163152৬/ক-১৮Rental Item Central Library, BUET
 2024-12-11621_010000000000000_FAI_19701985-06-11 Rental section 621.01 FAI/1970 Central Library, BUET2024-12-1163153৬/ক-১৯Rental Item Central Library, BUET
 2024-12-11621_010000000000000_FAI_19701985-06-11 Rental section 621.01 FAI/1970 Central Library, BUET2024-12-1163154৬/ক-২০Rental Item Central Library, BUET